La feliz indolencia: novela /
Guardado en:
| Autor principal: | |
|---|---|
| Formato: | Desconocido |
| Lenguaje: | Spanish |
| Publicado: |
San José, Costa Rica:
Editorial Costa Rica,
1982.
|
| Materias: | |
| Etiquetas: |
Agregar Etiqueta
Sin Etiquetas, Sea el primero en etiquetar este registro!
|
MARC
| LEADER | 000000000a22000000004500 | ||
|---|---|---|---|
| 001 | 000243 | ||
| 008 | 140603s1982 cr |||f |||| 000 1 spa d | ||
| 041 | 0 | |a español | |
| 082 | |a CR864.4 |b V184f | ||
| 100 | 1 | |a Valverde, César |d 1928-1998 | |
| 245 | 1 | 3 | |a La feliz indolencia: |b novela / |c César Valverde |
| 260 | |a San José, Costa Rica: |b Editorial Costa Rica, |c 1982. | ||
| 300 | |a 113 páginas | ||
| 500 | |a número de ejemplar 84-01 y 00084 | ||
| 650 | 4 | |a LITERATURA COSTARRICENSE |v ENSAYOS | |
| 942 | |2 ddc |c BK | ||
| 999 | |c 1063 |d 1063 | ||
